ბათუმის შოთა რუსთაველის სახელმწიფო უნივერსიტეტის ბიბლიოთეკა

Расчет и подбор составов легких бетонов. (ბიბ.ჩანაწერი № 40549)

000 -LEADER
fixed length control field 00683nam a2200217Ia 4500
001 - CONTROL NUMBER
control field 7161
003 - CONTROL NUMBER IDENTIFIER
control field GE_BSU
008 - FIXED-LENGTH DATA ELEMENTS--GENERAL INFORMATION
fixed length control field 181216s||||||||xx |||||||||||||| ||und||
040 ## - CATALOGING SOURCE
Transcribing agency GE_BSU
080 ## - UNIVERSAL DECIMAL CLASSIFICATION NUMBER
Universal Decimal Classification number 691.3(076)
100 ## - MAIN ENTRY--PERSONAL NAME
Personal name Бойко, В.Е. Еременко, В.А.
245 ## - TITLE STATEMENT
Title Расчет и подбор составов легких бетонов.
245 ## - TITLE STATEMENT
Remainder of title Практическое пособие.
245 ## - TITLE STATEMENT
Statement of responsibility, etc. Ред. С.К.Овчаренко.
260 ## - PUBLICATION, DISTRIBUTION, ETC.
Place of publication, distribution, etc. Киев.
260 ## - PUBLICATION, DISTRIBUTION, ETC.
Name of publisher, distributor, etc. Будiвельник.
260 ## - PUBLICATION, DISTRIBUTION, ETC.
Date of publication, distribution, etc. 1974.
300 ## - PHYSICAL DESCRIPTION
Extent 160стр.20см.
653 ## - INDEX TERM--UNCONTROLLED
Uncontrolled term Расчет и подбор составов легких бетонов.
942 ## - ADDED ENTRY ELEMENTS (KOHA)
Koha item type წიგნი
ეგზემპლარები
Withdrawn status Lost status Damaged status Not for loan Date acquired Barcode Date last seen Price effective from Koha item type
        2018-12-17 10032 2018-12-17 2018-12-17 წიგნი